[Event "Halloween in July"]
[Site "SchemingMind.com"]
[Date "2007.06.26"]
[Round "-"]
[White "Brerrabbit"]
[Black "pardesi"]
[Result "0-1"]
[WhiteCountry "SCO"]
[BlackCountry "USA"]
[WhiteElo "1378"]
[WhiteRD "69"]
[BlackElo "1491"]
[BlackRD "61"]
[GameID "110777"]

1. e4 e5 2. Nf3 Nc6 3. Nc3 Nf6 4. Nxe5 Nxe5 5. d4 Nc6 6. d5 Ne5 7. Bf4 Bd6 8. Bc4 Nxc4 9. Qd4 Bxf4 10. O-O Nb6
11. e5 Nh5 12. g3 Bg5 13. f4 Bh6 14. Rae1 O-O 15. Ne2 g6 16. f5 Bg7 17. f6 Nxf6 18. exf6 Bxf6 19. Rxf6 Nxd5 20. Rf3 c6
21. Nf4 Qa5 22. Re7 Nxe7 23. Re3 Nf5 24. Re5 Nxd4 25. Rxa5 Nxc2 26. Rc5 Ne3 27. Re5 Nd5 28. h4 d6 29. Re4 Bf5 30. Rd4 Nxf4
31. gxf4 Rfe8 32. Kf2 d5
0-1

[Event "Halloween in July"]
[Site "SchemingMind.com"]
[Date "2007.06.26"]
[Round "-"]
[White "pardesi"]
[Black "Brerrabbit"]
[Result "0-1"]
[WhiteCountry "USA"]
[BlackCountry "SCO"]
[WhiteElo "1491"]
[WhiteRD "61"]
[BlackElo "1378"]
[BlackRD "69"]
[GameID "110778"]

1. e4 e5 2. Nf3 Nc6 3. Nc3 Nf6 4. Nxe5 Nxe5 5. d4 Nxe4 6. dxe5 Nxc3 7. bxc3 Bc5 8. Qg4 g6 9. Bh6 Qe7 10. Bg7 Rg8
11. Bf6 Qe6 12. Qg5 d6 13. f4 dxe5 14. fxe5 Be7 15. O-O-O Bd7 16. Bxe7 Qxe7 17. Qxe7+ Kxe7 18. Bc4 Be6 19. Bb3 Bg4 20. Rd5 c6
21. Rd6 Rad8 22. Rf6 Be6 23. Rhf1 Rgf8 24. Re1 Bxb3 25. cxb3 g5 26. Rd1 Rxd1+ 27. Kxd1 Rd8+ 28. Ke2 Rd5 29. Rf5 h6 30. g4 Ke6
31. Rf6+ Kxe5 32. Rxf7 b5 33. Rxa7 Kf4 34. c4 Re5+ 35. Kf2 Kxg4 36. cxb5 cxb5 37. Rf7 h5 38. a3 Kh3 39. Kg1 g4 40. Rf2 h4
41. Kf1 Re3 42. Rb2 g3
0-1

[Event "Halloween in July"]
[Site "SchemingMind.com"]
[Date "2007.06.27"]
[Round "-"]
[White "slamdunc"]
[Black "Brerrabbit"]
[Result "0-1"]
[WhiteCountry "USA"]
[BlackCountry "SCO"]
[WhiteElo "1320"]
[WhiteRD "73"]
[BlackElo "1386"]
[BlackRD "76"]
[GameID "110966"]

1. e4 e5 2. Nf3 Nc6 3. Nc3 Nf6 4. Nxe5 Nxe5 5. d4 Nxe4 6. dxe5 Nxc3 7. bxc3 d6 8. Bf4 d5 9. Be2 Bf5 10. Bd3 Qd7
11. O-O Bc5 12. Bxf5 Qxf5 13. Qxd5 Be7 14. Rfd1 O-O
0-1

[Event "Halloween in July"]
[Site "SchemingMind.com"]
[Date "2007.06.28"]
[Round "-"]
[White "slamdunc"]
[Black "pardesi"]
[Result "0-1"]
[WhiteCountry "USA"]
[BlackCountry "USA"]
[WhiteElo "1320"]
[WhiteRD "73"]
[BlackElo "1503"]
[BlackRD "60"]
[GameID "110967"]

1. e4 e5 2. Nf3 Nc6 3. Nc3 Nf6 4. Nxe5 Nxe5 5. d4 Nc6 6. e5 Nd5 7. Bd2 Nb6 8. d5 Nxe5 9. f4 Nec4 10. Qc1 Bc5
11. Ne4 Be7 12. Bc3 O-O 13. b3 Nd6 14. Nxd6 Bxd6 15. Qd2 Re8+
0-1

[Event "Halloween in July"]
[Site "SchemingMind.com"]
[Date "2007.06.28"]
[Round "-"]
[White "Brerrabbit"]
[Black "slamdunc"]
[Result "1-0"]
[WhiteCountry "SCO"]
[BlackCountry "USA"]
[WhiteElo "1386"]
[WhiteRD "76"]
[BlackElo "1320"]
[BlackRD "73"]
[GameID "110968"]

1. e4 e5 2. Nf3 Nc6 3. Nc3 Nf6 4. Nxe5 Nxe5 5. d4 Nxe4 6. Nxe4 Bb4+ 7. Bd2 Bxd2+ 8. Qxd2 Nc4 9. Qc3 d5 10. Nd2 Qe7+
11. Be2 O-O 12. O-O Qxe2 13. Rae1 Qh5 14. Re7 c6 15. Nf3
1-0

[Event "Halloween in July"]
[Site "SchemingMind.com"]
[Date "2007.06.28"]
[Round "-"]
[White "pardesi"]
[Black "slamdunc"]
[Result "1-0"]
[WhiteCountry "USA"]
[BlackCountry "USA"]
[WhiteElo "1503"]
[WhiteRD "60"]
[BlackElo "1320"]
[BlackRD "73"]
[GameID "110969"]

1. e4 e5 2. Nf3 Nc6 3. Nc3 Nf6 4. Nxe5 Nxe5 5. d4 Bb4 6. dxe5 Ng8 7. Bc4 f6 8. e6 Ne7 9. O-O a6 10. f4 Bc5+
11. Kh1 b5 12. Bd3 dxe6 13. Qh5+ g6 14. Qh6 Ng8 15. Qh4
1-0

[Event "Halloween in July"]
[Site "SchemingMind.com"]
[Date "2007.07.09"]
[Round "-"]
[White "marble"]
[Black "Brerrabbit"]
[Result "1-0"]
[WhiteCountry "ENG"]
[BlackCountry "SCO"]
[WhiteElo "1706"]
[WhiteRD "55"]
[BlackElo "1378"]
[BlackRD "69"]
[GameID "112302"]

1. e4 e5 2. Nf3 Nc6 3. Nc3 Nf6 4. Nxe5 Nxe5 5. d4 Nxe4 6. Nxe4 Nc6 7. Bb5 d5 8. Ng3 a6 9. Bxc6+ bxc6 10. O-O Bd6
11. Re1+ Be6 12. c4 O-O 13. cxd5 Bxd5 14. Qg4 Be6 15. Qe4 c5 16. dxc5 Bxc5 17. b4 Bd4 18. Rb1 Re8 19. Rd1 Bd5 20. Qxd4 Bxa2
21. Qxd8 Raxd8 22. Rxd8 Rxd8 23. Ra1 Rd1+ 24. Nf1 Bc4 25. Bb2 Rd3 26. Ne3 Bb5 27. Re1 f5 28. Nxf5 g6 29. Nh6+ Kf8 30. h3 Rb3
31. Be5 Rxb4 32. Bxc7 Kg7 33. Ng4 h5 34. Re7+ Kf8 35. Bd6 Ra4 36. Rh7+ Kg8 37. Nf6#
1-0

[Event "Halloween in July"]
[Site "SchemingMind.com"]
[Date "2007.07.09"]
[Round "-"]
[White "marble"]
[Black "pardesi"]
[Result "1/2-1/2"]
[WhiteCountry "ENG"]
[BlackCountry "USA"]
[WhiteElo "1682"]
[WhiteRD "56"]
[BlackElo "1465"]
[BlackRD "69"]
[GameID "112303"]

1. e4 e5 2. Nf3 Nc6 3. Nc3 Nf6 4. Nxe5 Nxe5 5. d4 Nc6 6. d5 Ne5 7. f4 Ng6 8. e5 Ng8 9. Bd3 Qh4+ 10. g3 Qd8
11. Qg4 d6 12. e6 Nf6 13. exf7+ Kxf7 14. Qf3 Bg4 15. Qf2 Qe8+ 16. Be3 c6 17. dxc6 bxc6 18. h3 Bd7 19. O-O-O Qb8 20. g4 Qb7
21. Be2 a5 22. f5 Ne5 23. g5 Rb8 24. b3 c5 25. Kd2 Bc6 26. Rhg1 Nf3+ 27. Bxf3 Bxf3 28. Rde1 Ne4+ 29. Nxe4 Bxe4 30. g6+ hxg6
31. fxg6+ Ke8 32. Bg5 Be7 33. Qf7+ Kd8 34. Bxe7+ Qxe7 35. Qxe7+ Kxe7 36. Rxe4+ Kd7 37. h4 Rh5 38. Rf1 Rb4 39. Rf7+ Kc6 40. Ree7 Rd4+
41. Kc3 Rhxh4 42. Rc7+ Kd5 43. Rxg7 Rh3+ 44. Kb2 Rg3 45. Rg8 Rdg4 46. g7 a4 47. Rh8 Rxg7 48. Rxg7 Rxg7 49. bxa4 Rg3 50. Rc8 Kc4
51. Rb8 d5 52. a5 Rg7 53. Ka3 Ra7 54. Ka4 d4 55. Rb6 d3 56. cxd3+ Kxd3 57. Kb5 c4 58. Rd6+ Ke3 59. Rc6 Kd3 60. Rd6+ Kc3
61. Rc6 Rb7+ 62. Ka6 Rb4 63. Rb6 Ra4 64. Kb5 Rxa2 65. a6 Kd4 66. Rd6+ Kc3 67. Rg6 Kb3 68. Rg3+ c3 69. Kb6 Kb4 70. a7 c2
71. Rg1 Kb3 72. Kb7 Kb2 73. a8=Q Rxa8 74. Kxa8=
1/2-1/2

[Event "Halloween in July"]
[Site "SchemingMind.com"]
[Date "2007.07.10"]
[Round "-"]
[White "Brerrabbit"]
[Black "marble"]
[Result "1-0"]
[WhiteCountry "SCO"]
[BlackCountry "ENG"]
[WhiteElo "1378"]
[WhiteRD "69"]
[BlackElo "1706"]
[BlackRD "55"]
[GameID "112305"]

1. e4 e5 2. Nf3 Nc6 3. Nc3 Nf6 4. Nxe5 Nxe5 5. d4 Ng6 6. e5 Ng8 7. Bc4 d6 8. Qf3 Be6 9. d5 Nxe5 10. Qf4 Bd7
11. O-O c6 12. dxc6 Bxc6 13. Re1 Qf6 14. Nb5 Qd8 15. Rxe5+ Qe7 16. Rxe7+ Bxe7 17. Qxf7+ Kd8 18. Qxg7 Kd7 19. Nd4 Re8 20. Be6+ Kd8
21. Bg5 Bxg5 22. Qxg5+ Ne7 23. Re1 Kc7 24. Qa5+ Kb8 25. b4 Ng6 26. b5 Bd5 27. b6 Bxe6 28. bxa7+ Ka8 29. Nxe6 Rc8 30. c3 Ne5
31. Nc7+ Rxc7 32. Qxc7 Kxa7 33. Qxd6 Nc6 34. f4 Rd8 35. Qc5+ Kb8 36. Qb6 h6 37. a4
1-0

[Event "Halloween in July"]
[Site "SchemingMind.com"]
[Date "2007.07.10"]
[Round "-"]
[White "pardesi"]
[Black "marble"]
[Result "0-1"]
[WhiteCountry "USA"]
[BlackCountry "ENG"]
[WhiteElo "1491"]
[WhiteRD "61"]
[BlackElo "1706"]
[BlackRD "55"]
[GameID "112306"]

1. e4 e5 2. Nf3 Nc6 3. Nc3 Nf6 4. Nxe5 Nxe5 5. d4 Ng6 6. e5 Ng8 7. Bc4 d6 8. Qf3 Be6 9. d5 Nxe5 10. Qe4 Nf6
11. Qe2 Nxc4 12. Qxc4 Bd7 13. O-O Be7 14. Bg5 O-O 15. Rfe1 Re8 16. f3 c6 17. Bxf6 Bxf6 18. Qb3 Qc7 19. Ne4 Be5 20. c4 Bf5
21. g4 cxd5 22. cxd5 Bxe4 23. fxe4 Qe7 24. Re2 Qh4 25. Qf3 Rac8 26. Rd1 Rc7 27. Rd3 Rc1+ 28. Kg2 Qxh2#
0-1

[Event "Halloween in July"]
[Site "SchemingMind.com"]
[Date "2007.07.28"]
[Round "-"]
[White "jtrochez1"]
[Black "Brerrabbit"]
[Result "1-0"]
[WhiteCountry "HON"]
[BlackCountry "SCO"]
[WhiteElo "1572"]
[WhiteRD "47"]
[BlackElo "1378"]
[BlackRD "69"]
[GameID "114315"]

1. e4 e5 2. Nf3 Nc6 3. Nc3 Nf6 4. Nxe5 Nxe5 5. d4 Nxe4 6. dxe5 Nxc3 7. bxc3 Bc5 8. Bc4 O-O 9. O-O Re8 10. Bf4 c6
11. Qf3 d6 12. exd6 g5 13. Bg3 Rf8 14. Qh5 b5 15. Bd3 Qf6 16. Qxh7#
1-0

[Event "Halloween in July"]
[Site "SchemingMind.com"]
[Date "2007.08.01"]
[Round "-"]
[White "jtrochez1"]
[Black "pardesi"]
[Result "0-1"]
[WhiteCountry "HON"]
[BlackCountry "USA"]
[WhiteElo "1500"]
[WhiteRD "47"]
[BlackElo "1472"]
[BlackRD "74"]
[GameID "114316"]

1. e4 e5 2. Nf3 Nc6 3. Nc3 Nf6 4. Nxe5 Nxe5 5. d4 Nc6 6. e5 Ng8 7. Be3 Bb4 8. Bc4 Nge7 9. Qf3 f6 10. Qh5+ Ng6
11. O-O-O Ne7 12. Bd2 fxe5 13. dxe5 Nc6 14. f4 Na5 15. Bd5 c6 16. Be4 O-O 17. Bxg6 hxg6 18. Qxg6 Qe7 19. Rhe1 Qf7 20. Qxf7+ Rxf7
21. g3 Re7 22. a3 Bxc3 23. Bxc3 b6 24. Bxa5 bxa5 25. a4 Bb7 26. Rd6 Rae8 27. c4 Re6 28. c5 Rxd6 29. cxd6 c5 30. Kc2 Bd5
31. Re3 g6 32. Rc3 c4 33. Kc1 Be6 34. Kb1 Kh7 35. Ka2 Kg7 36. Ka3 Rh8 37. h4 Rc8 38. Rc1 Kh6 39. Rg1 Kh5 40. Rc1 Kg4
41. Rc3 Rc5 42. b4 axb4+ 43. Kxb4 Rc6 44. a5 a6 45. Ka4 Rc5 46. Kb4 Rb5+ 47. Ka3 Rb3+ 48. Rxb3 cxb3 49. h5 Kxh5
0-1

[Event "Halloween in July"]
[Site "SchemingMind.com"]
[Date "2007.07.29"]
[Round "-"]
[White "jtrochez1"]
[Black "marble"]
[Result "1-0"]
[WhiteCountry "HON"]
[BlackCountry "ENG"]
[WhiteElo "1572"]
[WhiteRD "47"]
[BlackElo "1706"]
[BlackRD "55"]
[GameID "114317"]

1. e4 e5 2. Nf3 Nc6 3. Nc3 Nf6 4. Nxe5 Nxe5 5. d4 Ng6 6. e5 Ng8 7. Bc4 d6 8. exd6 Bxd6 9. Qf3 Be6 10. Bxe6 fxe6
11. Qxb7 N8e7 12. Qe4 e5 13. dxe5 Bxe5 14. Qa4+ Qd7 15. Qxd7+ Kxd7 16. Bd2 Rab8 17. O-O-O Bd6 18. Rhe1 Rb7 19. g3 Rhb8 20. b3 Nc6
21. f4 Nd4 22. Re3 Ba3+ 23. Kb1 c6 24. Bc1 Bc5 25. Red3 Kc7 26. Na4 Ne6 27. Bb2 Ne7 28. Be5+ Kc8 29. Nxc5 Rxb3+ 30. cxb3 Nxc5
31. Rd8+
1-0

[Event "Halloween in July"]
[Site "SchemingMind.com"]
[Date "2007.07.28"]
[Round "-"]
[White "Brerrabbit"]
[Black "jtrochez1"]
[Result "0-1"]
[WhiteCountry "SCO"]
[BlackCountry "HON"]
[WhiteElo "1378"]
[WhiteRD "69"]
[BlackElo "1572"]
[BlackRD "47"]
[GameID "114319"]

1. e4 e5 2. Nf3 Nc6 3. Nc3 Nf6 4. Nxe5 Nxe5 5. d4 Ng6 6. e5 Ng8 7. Bc4 c6 8. Qf3 Qe7 9. O-O Nh4 10. Qf4 Ng6
11. Qf3 f6 12. exf6 Nxf6 13. Bg5 Qd6 14. Rfe1+ Be7 15. Ne4 Qxd4 16. Bd3 O-O 17. Rad1 Nxe4 18. Qe2 Nxg5 19. Bxg6 Qf6 20. Bh5 g6
21. Bg4 Bc5 22. Rf1 d5 23. Kh1 Bxg4 24. f3 Nxf3 25. gxf3 Bxf3+
0-1

[Event "Halloween in July"]
[Site "SchemingMind.com"]
[Date "2007.08.01"]
[Round "-"]
[White "pardesi"]
[Black "jtrochez1"]
[Result "0-1"]
[WhiteCountry "USA"]
[BlackCountry "HON"]
[WhiteElo "1478"]
[WhiteRD "65"]
[BlackElo "1522"]
[BlackRD "48"]
[GameID "114320"]

1. e4 e5 2. Nf3 Nc6 3. Nc3 Nf6 4. Nxe5 Nxe5 5. d4 Nc6 6. e5 Ng8 7. d5 Nxe5 8. Bc4 Nxc4 9. O-O d6 10. Qe2+ Ne5
11. Bf4 Nf6 12. Bxe5 dxe5 13. Qxe5+ Be7 14. Nb5 Nxd5 15. Rfd1 c6 16. Rxd5 cxd5 17. Nc7+ Kf8 18. Nxa8 Be6 19. Qc7 Qxa8
0-1

[Event "Halloween in July"]
[Site "SchemingMind.com"]
[Date "2007.08.01"]
[Round "-"]
[White "marble"]
[Black "jtrochez1"]
[Result "1-0"]
[WhiteCountry "ENG"]
[BlackCountry "HON"]
[WhiteElo "1679"]
[WhiteRD "56"]
[BlackElo "1522"]
[BlackRD "48"]
[GameID "114321"]

1. e4 e5 2. Nf3 Nc6 3. Nc3 Nf6 4. Nxe5 Nxe5 5. d4 Nc6 6. e5 Ng8 7. Bc4 Qe7 8. Nd5 Qd8 9. O-O d6 10. exd6 cxd6
11. Re1+ Be7 12. Qf3 Nxd4 13. Qe4 Nc6 14. b4 Nf6 15. Qh4 Nxd5 16. Bxd5 O-O 17. Qe4 Bf6 18. Rb1 Qc7 19. b5 Ne5 20. Bb3 Be6
21. c4 b6 22. Bc2 Ng6 23. Bd3 Rfe8 24. Be3 Bxc4 25. Qxc4 Qxc4 26. Bxc4 Rac8 27. Bd5 Ne5 28. Bd4 h6 29. Bxe5 Bxe5 30. h3 Rc2
31. Red1 Rec8 32. Be4 Rxa2 33. Bb7 Rcc2 34. Bd5 Ra3 35. Be4 Rc5 36. Rf1 g6 37. f4 Bd4+ 38. Kh1 f5 39. Bf3 Bc3 40. Rfd1 a6
41. bxa6 Rxa6 42. Rxd6 Bd2 43. Rxg6+ Kh7 44. Bh5 Bxf4 45. g3 Be3 46. Re1 Rc2 47. Re6 Bf2 48. Re7+ Kg8 49. Re8+ Kg7 50. R1e7+ Kf6
51. Re6+ Kg5 52. Bd1 f4 53. h4+
1-0

[Event "Halloween in July"]
[Site "SchemingMind.com"]
[Date "2007.08.04"]
[Round "-"]
[White "ghanafeast"]
[Black "Brerrabbit"]
[Result "1-0"]
[WhiteCountry "GER"]
[BlackCountry "SCO"]
[WhiteElo "1629"]
[WhiteRD "91"]
[BlackElo "1388"]
[BlackRD "75"]
[GameID "114691"]

1. e4 e5 2. Nf3 Nc6 3. Nc3 Nf6 4. Nxe5 Nxe5 5. d4 Nxe4 6. Nxe4 Nc6 7. d5 Nb4 8. Bg5 Be7 9. Bc4 Bxg5 10. d6 O-O
11. Nxg5 Qxg5 12. O-O b6 13. dxc7 d5 14. Qf3 Be6 15. Bb3 Rac8 16. c3 Na6 17. a4 Nc5 18. Bc2 Rxc7 19. Rfe1 Re7 20. b4 Ne4
21. Rad1 Bg4 22. Qd3 Bxd1 23. Rxd1 Qf5 24. f3 Nd6 25. Qxf5 Nxf5 26. Bxf5 g6 27. Bc2 Rfe8 28. Kf1 Re2 29. Bb3 Rc8 30. Kxe2 Rxc3
31. Bxd5 Kg7 32. Be4 f5 33. Bd3 h5 34. Ke3 Kf6 35. Kf4 g5+ 36. Kg3 Ke5 37. Re1+ Kf6 38. Bb5 Rb3 39. Re8 f4+ 40. Kh3 Kf5
41. Bd7+ Kf6 42. Rh8
1-0

[Event "Halloween in July"]
[Site "SchemingMind.com"]
[Date "2007.08.04"]
[Round "-"]
[White "ghanafeast"]
[Black "jtrochez1"]
[Result "0-1"]
[WhiteCountry "GER"]
[BlackCountry "HON"]
[WhiteElo "1611"]
[WhiteRD "94"]
[BlackElo "1524"]
[BlackRD "49"]
[GameID "114692"]

1. e4 e5 2. Nf3 Nc6 3. Nc3 Nf6 4. Nxe5 Nxe5 5. d4 Ng6 6. e5 Ng8 7. Bc4 d6 8. Qf3 f6 9. Qd5 Qe7 10. O-O c6
11. Qf3 dxe5 12. Bd2 Qc7 13. d5 Bd6 14. Ne4 Bd7 15. Nxd6+ Qxd6 16. Rfe1 N8e7 17. dxc6 Bxc6 18. Qe2 Nf5 19. c3 O-O-O 20. Rad1 Qc7
21. b4 Ngh4 22. g3 Nf3+ 23. Kf1 Nxh2+ 24. Kg1 Bf3 25. Qd3 Rxd3 26. Bxd3 Bxd1 27. Bxf5+ Kb8 28. Kxh2 Ba4 29. f4 g6 30. Bh3 Ka8
31. Bf1 a6 32. Bd3 Rd8 33. Re3 exf4 34. Rf3 fxg3+
0-1

[Event "Halloween in July"]
[Site "SchemingMind.com"]
[Date "2007.08.04"]
[Round "-"]
[White "ghanafeast"]
[Black "pardesi"]
[Result "1-0"]
[WhiteCountry "GER"]
[BlackCountry "USA"]
[WhiteElo "1629"]
[WhiteRD "91"]
[BlackElo "1472"]
[BlackRD "74"]
[GameID "114693"]

1. e4 e5 2. Nf3 Nc6 3. Nc3 Nf6 4. Nxe5 Nxe5 5. f4 Nc6 6. e5 Ng8 7. Bc4 d6 8. d4 Na5 9. Qd3 Nxc4 10. Qxc4 Be6
11. d5 Bf5 12. O-O Bxc2 13. e6 fxe6 14. Re1 e5 15. Qb5+ Qd7 16. Qxb7 Qd8 17. Nb5 Rc8 18. Nxa7 Rb8 19. Qc6+ Qd7 20. Qxc2 Ne7
21. Nc6 Rb5 22. Nxe7 Bxe7 23. fxe5 O-O 24. e6 Qc8 25. Qc4 Qb7 26. Rd1 Qb6+ 27. Kh1 Rc5 28. Qg4 Rxd5 29. Bh6 Rxd1+ 30. Rxd1 Qxb2
31. a4 Kh8 32. Bg5 Bxg5 33. Qxg5 Qb3 34. Qg4 Rf6 35. e7 Re6 36. Rf1 g6 37. Qd4+
1-0

[Event "Halloween in July"]
[Site "SchemingMind.com"]
[Date "2007.08.04"]
[Round "-"]
[White "ghanafeast"]
[Black "marble"]
[Result "1-0"]
[WhiteCountry "GER"]
[BlackCountry "ENG"]
[WhiteElo "1611"]
[WhiteRD "94"]
[BlackElo "1682"]
[BlackRD "56"]
[GameID "114694"]

1. e4 e5 2. Nf3 Nc6 3. Nc3 Nf6 4. Nxe5 Nxe5 5. d4 Ng6 6. e5 Ng8 7. Bc4 d6 8. f4 dxe5 9. fxe5 Bb4 10. Qf3 Bxc3+
11. bxc3 f6 12. e6 N8e7 13. Ba3 c6 14. Rd1 b5 15. Bxe7 Qxe7 16. Qxc6+ Kd8 17. Qxa8 Qb7 18. Qxb7 Bxb7 19. Bxb5 Bxg2 20. Rg1 Nf4
21. Bc4 Bf3 22. Rd2 Ke7 23. Rxg7+ Kd6 24. e7 Bc6 25. Bb3 Ng6 26. Re2 Re8 27. Re6+ Kd7 28. d5 Bb7 29. Ba4+ Kc8 30. d6 Nf4
31. d7+
1-0

[Event "Halloween in July"]
[Site "SchemingMind.com"]
[Date "2007.08.04"]
[Round "-"]
[White "Brerrabbit"]
[Black "ghanafeast"]
[Result "0-1"]
[WhiteCountry "SCO"]
[BlackCountry "GER"]
[WhiteElo "1421"]
[WhiteRD "73"]
[BlackElo "1611"]
[BlackRD "94"]
[GameID "114696"]

1. e4 e5 2. Nf3 Nc6 3. Nc3 Nf6 4. Nxe5 Nxe5 5. d4 Ng6 6. e5 Bb4 7. exf6 Bxc3+ 8. bxc3 Qxf6 9. Bc4 O-O 10. O-O Qc6
11. Qd3 b5 12. Bb3 Bb7 13. f3 a5 14. a3 Ba6 15. d5 Qd6 16. Ba2 c6 17. Re1 c5 18. Re4 Bb7 19. g3 c4 20. Qd4 Bxd5
21. Rb1 Rab8 22. Bf4 Nxf4 23. Rxf4 Qc6 24. Rg4 f6 25. Rd1 Bxf3 26. Rf1 Bxg4 27. Qxg4 Qc5+ 28. Kg2 Qxa3 29. Bb1 Qd6 30. Rf4 Qd2+
31. Rf2 Qd5+ 32. Qf3 Qxf3+ 33. Rxf3 b4 34. Rf4 bxc3 35. Ba2 d5 36. Rf5 Rb2
0-1

[Event "Halloween in July"]
[Site "SchemingMind.com"]
[Date "2007.08.04"]
[Round "-"]
[White "jtrochez1"]
[Black "ghanafeast"]
[Result "1-0"]
[WhiteCountry "HON"]
[BlackCountry "GER"]
[WhiteElo "1524"]
[WhiteRD "49"]
[BlackElo "1611"]
[BlackRD "94"]
[GameID "114697"]

1. e4 e5 2. Nf3 Nc6 3. Nc3 Nf6 4. Nxe5 Nxe5 5. d4 Nc6 6. e5 Bb4 7. Bd2 Bxc3 8. Bxc3 Nd5 9. Qd2 Nxc3 10. Qxc3 O-O
11. Bd3 Qg5 12. O-O Kh8 13. f4 Qg4 14. Rf3 d6 15. exd6 cxd6 16. d5 Ne7 17. Be4 Bf5 18. Rg3 Qxg3 19. Qxg3 Bxe4 20. c4 Nf5
21. Qc3 Rac8 22. b3 Bxd5 23. Qb4 Bc6 24. Kf2 Rfe8 25. Re1 Rxe1 26. Qxe1 Re8 27. Qc3 Re3 28. Qd2 h6 29. g4 Bf3 30. gxf5 Re2+
31. Qxe2 Bxe2 32. Kxe2 Kg8 33. h4 Kf8 34. Ke3 Ke7 35. Kd4 Kd7 36. Kd5 g6 37. Ke4 h5 38. fxg6 fxg6 39. f5 Ke7 40. fxg6 Kf6
41. b4 b6 42. Kd5 Ke7 43. Kc6
1-0

[Event "Halloween in July"]
[Site "SchemingMind.com"]
[Date "2007.08.04"]
[Round "-"]
[White "pardesi"]
[Black "ghanafeast"]
[Result "0-1"]
[WhiteCountry "USA"]
[BlackCountry "GER"]
[WhiteElo "1449"]
[WhiteRD "76"]
[BlackElo "1648"]
[BlackRD "92"]
[GameID "114698"]

1. e4 e5 2. Nf3 Nc6 3. Nc3 Nf6 4. Nxe5 Nxe5 5. d4 Ng6 6. e5 Ng8 7. Bd3 d6 8. Bc4 dxe5 9. Qf3 Qd7 10. dxe5 Nxe5
11. Qe4 Nf6 12. Qxe5+ Qe7 13. Qxe7+ Bxe7 14. Bg5 O-O 15. O-O Re8 16. Rfe1 Bf5 17. Bd3 Bxd3 18. cxd3 h6 19. Bxf6 Bxf6 20. Nd5 Rxe1+
21. Rxe1 Bxb2 22. Nxc7 Rc8 23. Nd5 Rc5 24. Ne3 Bd4 25. Rb1 b6 26. g3 g6 27. Re1 Kg7 28. Kg2 Ra5 29. Re2 Ra3 30. Rd2 a5
31. Kf3 f5 32. Ke2 Kf7 33. Nc2 Ra4 34. Nxd4 Rxd4 35. Ke3 Rd5 36. f4 Ke6 37. d4 b5 38. Rc2 Kd6 39. h3 b4 40. Kd3 Rb5
41. Rb2 Kd5 42. g4 Rb6 43. Re2 b3 44. Kc3 a4 45. Re5+ Kd6 46. axb3 Rxb3+ 47. Kc4 fxg4 48. hxg4 Rb8 49. Ra5 Ke6 50. Rxa4 Rf8
51. Kc5 Rc8+ 52. Kb6 Kd5 53. Ra2 Kxd4 54. Rf2 Rf8 55. f5 gxf5 56. Kc6 f4 57. Kd6 Ke3 58. Rf1 f3 59. Ke5 f2
0-1

[Event "Halloween in July"]
[Site "SchemingMind.com"]
[Date "2007.08.04"]
[Round "-"]
[White "marble"]
[Black "ghanafeast"]
[Result "1-0"]
[WhiteCountry "ENG"]
[BlackCountry "GER"]
[WhiteElo "1682"]
[WhiteRD "56"]
[BlackElo "1611"]
[BlackRD "94"]
[GameID "114699"]

1. e4 e5 2. Nf3 Nc6 3. Nc3 Nf6 4. Nxe5 Nxe5 5. d4 Nc6 6. e5 Ng8 7. Bc4 Bb4 8. Qf3 Qe7 9. Be3 Na5 10. Bd3 d6
11. exd6 Qxd6 12. O-O c5 13. Rfe1 Be6 14. d5 c4 15. Nb5 Qd7 16. dxe6 fxe6 17. Qh5+ Kf8 18. c3 cxd3 19. cxb4 Nc6 20. Bc5+ Nge7
21. Qf3+ Kg8 22. Nd6 Nf5 23. Qxd3 b6 24. g4 bxc5 25. gxf5 Nxb4 26. Qf3 Qxd6 27. Qxa8+ Kf7 28. Qxh8 Nc2 29. Rxe6 Qxe6 30. fxe6+ Kxe6
31. Rc1
1-0

[Event "Halloween in July"]
[Site "SchemingMind.com"]
[Date "2007.08.06"]
[Round "-"]
[White "ivan"]
[Black "Brerrabbit"]
[Result "1-0"]
[WhiteCountry "CRO"]
[BlackCountry "SCO"]
[WhiteElo "1681"]
[WhiteRD "70"]
[BlackElo "1378"]
[BlackRD "69"]
[GameID "115292"]

1. e4 e5 2. Nf3 Nc6 3. Nc3 Nf6 4. Nxe5 Nxe5 5. d4 Nxe4 6. Nxe4 d5 7. dxe5 dxe4 8. Qxd8+ Kxd8 9. Bg5+ Be7 10. Bxe7+ Kxe7
11. O-O-O Rd8 12. Bc4 Be6 13. Bb5 Bxa2 14. b3 c6 15. Bc4 Rf8 16. Kb2 Rad8 17. Kxa2 Rb8 18. Rhe1 b5 19. Be2 Ke6 20. f4 a5
21. Bg4+ f5 22. exf6+ Kf7 23. fxg7 Kxg7 24. Rxe4 a4 25. g3 Ra8 26. Kb2 a3+ 27. Ka2 b4 28. Rxb4 Kg6 29. Bf3 Rfc8 30. Rd6+ Kf7
31. Rxc6 Rd8 32. Rc7+ Ke8 33. Bxa8
1-0

[Event "Halloween in July"]
[Site "SchemingMind.com"]
[Date "2007.08.04"]
[Round "-"]
[White "ivan"]
[Black "jtrochez1"]
[Result "1-0"]
[WhiteCountry "CRO"]
[BlackCountry "HON"]
[WhiteElo "1731"]
[WhiteRD "74"]
[BlackElo "1524"]
[BlackRD "49"]
[GameID "115293"]

1. e4 e5 2. Nf3 Nc6 3. Nc3 Nf6 4. Nxe5 Nxe5 5. d4 Nc6 6. Bc4 Bb4 7. O-O Bxc3 8. bxc3 d6 9. Bg5 O-O 10. Re1 Re8
11. Qf3 h6 12. Bh4 a6 13. Bd5 Be6 14. Bxc6 bxc6 15. e5 Bd5 16. Qg3 Nh5 17. Qg4 Qb8 18. Qxh5 Re6 19. Bg3 Qb2 20. Qd1 Qxc3
21. Re3 Qa5 22. Qd3 Qb5 23. Qd2 Bxa2 24. h3 Qd5 25. c3 Bc4 26. exd6 cxd6 27. Rxe6 Qxe6 28. Re1 Qd5 29. Qf4 Rd8 30. Qh4 Rf8
31. Qe7 Qa5 32. Bxd6 Rc8 33. Bb4 Qf5 34. Qb7 Kh7 35. g4 Qf3 36. Qxc8 Qxh3 37. Qf5+ g6 38. Qe4 Bd5 39. Re3 Bxe4 40. Rxh3 g5
41. Re3 Bd5 42. Re7 Kg6 43. Ra7 Bc4 44. Re7 Bb5 45. f3 Bc4 46. Kf2 h5 47. gxh5+ Kxh5 48. Kg3 Be6 49. Re8 Kg6 50. Ba3 Kf5
51. Rb8 Bc4 52. Rb1 f6 53. Bd6 Ke6 54. Bb8 a5 55. f4 gxf4+ 56. Kxf4 a4 57. Rb4 Bb5 58. c4 c5 59. Rxb5 cxd4 60. Ke4
1-0

[Event "Halloween in July"]
[Site "SchemingMind.com"]
[Date "2007.08.09"]
[Round "-"]
[White "ivan"]
[Black "ghanafeast"]
[Result "1-0"]
[WhiteCountry "CRO"]
[BlackCountry "GER"]
[WhiteElo "1742"]
[WhiteRD "71"]
[BlackElo "1629"]
[BlackRD "91"]
[GameID "115294"]

1. e4 e5 2. Nf3 Nc6 3. Nc3 Nf6 4. Nxe5 Nxe5 5. d4 Nxe4 6. Nxe4 Ng6 7. Bd3 d5 8. Nc3 Bb4 9. Qe2+ Qe7 10. a3 Qxe2+
11. Bxe2 Bxc3+ 12. bxc3 Bf5 13. Bd3 Bxd3 14. cxd3 Kd7 15. O-O Rhe8 16. Be3 c6 17. Rab1 Kc7 18. c4 Rad8 19. a4 b6 20. Rfe1 h6
21. f3 Nf8 22. Bf4+ Kd7 23. c5 Ne6 24. Be3 b5 25. axb5 cxb5 26. Rxb5 Nxd4 27. c6+ Kxc6 28. Rb2 Ne6 29. Bxa7 Ra8 30. Rc1+ Kd6
31. Bf2 Nf4 32. Bg3 Ke5 33. d4+ Kf5 34. Bxf4 Kxf4 35. Kf2 Ra5 36. g3+ Kg5 37. Rc5 Rxc5 38. dxc5 Kf6 39. Re2 Rxe2+ 40. Kxe2 Ke6
41. Kd3 Kd7 42. Kd4 Kc6 43. f4 f6 44. f5 h5 45. h4
1-0

[Event "Halloween in July"]
[Site "SchemingMind.com"]
[Date "2007.08.07"]
[Round "-"]
[White "ivan"]
[Black "pardesi"]
[Result "1-0"]
[WhiteCountry "CRO"]
[BlackCountry "USA"]
[WhiteElo "1731"]
[WhiteRD "74"]
[BlackElo "1465"]
[BlackRD "69"]
[GameID "115295"]

1. e4 e5 2. Nf3 Nc6 3. Nc3 Nf6 4. Nxe5 Nxe5 5. d4 Nc6 6. e5 Ng8 7. Bc4 d6 8. Qf3 Qe7 9. Nd5 Nxd4 10. Qd3 Qxe5+
11. Be3 Bf5 12. Qxd4 Kd8 13. Qxe5 dxe5 14. O-O-O Bd6 15. Nc3 Kd7 16. Bxf7 Nf6 17. Rhe1 Ke7 18. Bb3 b6 19. Bf4 Nd7 20. Nd5+ Kf8
21. Bg5 Nf6 22. Nxf6 gxf6 23. Bxf6 Rg8 24. Bxg8 Kxg8 25. Bxe5
1-0